| 000 | 00750nam a2200253 a 4500 | ||
|---|---|---|---|
| 001 | 16413 | ||
| 003 | BD-RjUL | ||
| 005 | 20240924143507.0 | ||
| 008 | 140213r19671962njua 001 0 eng d | ||
| 035 | _a(BD-RjUL)16468 | ||
| 035 | _a(OCoLC)492513 | ||
| 040 |
_aDLC _cODaWU _dOCoLC _dDLC _dBD-RjUL _beng |
||
| 041 | _aeng | ||
| 082 | 0 | 0 |
_a796.33207 _bKAH 1967 |
| 100 | 1 |
_aKatchmer, George A. _950745 |
|
| 245 | 0 | 0 |
_aHow to organize and conduct football practice / _c George A, Katchmer |
| 260 |
_aEnglewood Cliffs, N.J. : _bPrentice-Hall, _c1962 [Reprinted 1967] |
||
| 300 |
_a242 p. : _billus. ; _c24 cm. |
||
| 504 | _aIncludes Index | ||
| 650 | 0 |
_aFootball _xCoaching. _950746 |
|
| 942 |
_2ddc _cBK |
||
| 999 |
_c16413 _d16413 |
||